On This Day: August 29th II Quiz Stats

 Plays Quiz Updated Aug 29, 2018

Score 0/7 Timer 03:00
0 Plays Today
Question Answer Wrong Answers
The ______ Tire & Rubber Company is founded in Akron, Ohio.
1898
Goodyear
87.9%
Michelin
5.3%
Bridgestone
6.3%
Pirelli
0.6%
This iconic Swedish actress, known for roles in films like ‘Casablanca’, ‘Notorious’, and ‘Anastasia’, is born.
1915
Ingrid Bergman
87.7%
Lauren Bacall
4.1%
Katharine Hepburn
4.8%
Grace Kelly
3.2%
This nation tests its first atomic bomb, known as First Lightning, in Semipalatinsk, Kazakhstan.
1949
Soviet Union
86.8%
China
3.2%
India
3.2%
Pakistan
6.3%
The first British troops arrive in ______ to bolster the US presence there.
1950
Korea
81.8%
Vietnam
13.2%
Iraq
1.5%
Afghanistan
2.8%
______ is launched as an internet DVD rental service.
1997
Netflix
70.8%
Redbox
10.7%
Hulu
2.5%
Blockbuster Movie Pass
15.1%
Tallinn, the capital of ______, is occupied by Nazi Germany.
1941
Estonia
65.4%
Latvia
13.8%
Lithuania
15.4%
Poland
5%
After being transferred from Manchester United, Cristiano Ronaldo makes his debut for this La Liga club.
2009
Real Madrid C.F.
62.6%
FC Barcelona
24.7%
A.C. Milan
9%
A.S. Roma
2.5%

You're not logged in!

Compare scores with friends on all Sporcle quizzes.
OR
Log In

Sporcle TV

Today on Sporcle TV


Watch our educational content, quiz creation guides, and fun videos on Sporcle TV.

Show Comments

Extras

Top Quizzes Today


Score Distribution

Your Account Isn't Verified!

In order to create a playlist on Sporcle, you need to verify the email address you used during registration. Go to your Sporcle Settings to finish the process.

Report this User

Report this user for behavior that violates our Community Guidelines.

Details: